000 00248nam a2200097Ia 4500
001 683930
005 20250826161448.0
008 250824s9999 xx 000 0 und d
245 0 _aÖLÜ OZANLAR DERNEĞİ
_cROBİN WILLIAMS
260 _bBİLGE YAYINLARI
999 _c683930
_d683930